Fr. Conceicao Rodrigues College of Engineering

Fundamentals of Gas Dynamics (Record no. 22822)

MARC details
000 -LEADER
fixed length control field 00337nam a2200157Ia 4500
082 ## - DEWEY DECIMAL CLASSIFICATION NUMBER
Classification number 625.262/BAB
Item number BAB
100 ## - MAIN ENTRY--PERSONAL NAME
Personal name Babu/V
245 ## - TITLE STATEMENT
Title Fundamentals of Gas Dynamics
260 ## - PUBLICATION, DISTRIBUTION, ETC.
Name of publisher, distributor, etc. Ane Books
Place of publication, distribution, etc. Navi Mumbai
Date of publication, distribution, etc. 2008
300 ## - PHYSICAL DESCRIPTION
Extent 180
546 ## - LANGUAGE NOTE
Language note ENGLISH
650 ## - SUBJECT ADDED ENTRY--TOPICAL TERM
Topical term or geographic name entry element Dynamics
654 ## - SUBJECT ADDED ENTRY--FACETED TOPICAL TERMS
Focus term Gas dynamics
942 ## - ADDED ENTRY ELEMENTS (KOHA)
Koha item type BOOK
Holdings
Withdrawn status Lost status Damaged status Not for loan Collection Home library Current library Date acquired Total Checkouts Full call number Barcode Date last seen Price effective from Koha item type
        CRC Fr. Agnel's C.Rodrigues College of Engineering Fr. Agnel's C.Rodrigues College of Engineering 17/03/2023   625.262/BAB BAB 18760 17/03/2023   BOOK